First Names First: Movie Characters Quiz Stats

 Plays Quiz Updated Mar 5, 2019

Score 0/20 Timer 02:30
4 Plays Today
Hint Answer % Correct
Rocky Balboa
94.2%
Jack Sparrow
88.9%
Freddy Krueger
87.7%
Dorothy Gale
87.2%
Marty McFly
81.5%
Luke Skywalker
77%
Hermione Granger
73.8%
Carrie White
68.7%
Norman Bates
57.2%
Vito Corleone
52.5%
Hint Answer % Correct
Tony Montana
52.4%
Rose DeWitt Bukater
47.8%
Scarlett O'Hara
46.2%
Tyler Durden
42.7%
Ellen Ripley
38.2%
Cher Horowitz
37.5%
Alex DeLarge
30.9%
Marge Gunderson
27.5%
Anton Chigurh
26.1%
Max Cady
12.1%

You're not logged in!

Compare scores with friends on all Sporcle quizzes.
OR
Log In

Sporcle TV

Today on Sporcle TV


Watch our educational content, quiz creation guides, and fun videos on Sporcle TV.

Show Comments

Extras

Top Quizzes Today


Score Distribution

Your Account Isn't Verified!

In order to create a playlist on Sporcle, you need to verify the email address you used during registration. Go to your Sporcle Settings to finish the process.

Report this User

Report this user for behavior that violates our Community Guidelines.

Details: